Norwegian cities - Statistics

General Stats
  • This quiz has been taken 78 times
  • The average score is 9 of 17
Answer Stats
Amount of letters Answer % Correct
4 Oslo
100%
6 Bergen
92%
9 Trondheim
90%
9 Stavanger
88%
6 Tromsø
83%
12 Kristiansand
75%
4 Bodø
58%
11 Lillehammer
50%
7 Drammen
46%
11 Fredrikstad
42%
4 Alta
35%
10 Hammerfest
27%
6 Narvik
21%
8 Tønsberg
21%
12 Longyearbyen
17%
6 Gjøvik
10%
6 Mandal
10%
No matching quizzes found
Score Distribution
Percent of People with Each Score
Percentile by Number Answered
Your Score History
You have not taken this quiz